000 01373 a2200205 4500
001 30698
005 20260407155616.0
008 260407a1947 arg spa d
003 AR-UNSa-BCEJYS
040 _aAR-UNSa-BCEJYS
_bspa
_cAR-UNSa-BCEJYS
080 _a657
_xContabilidad
245 1 0 _aMétodos de contabilidad industrial
264 1 _aMéxico :
_bUnión Tipográfica Editorial Hispano-Americana (UTEHA)
_c1947
300 _a2v.(xxii, 462; ix, 466-1364 p.)
_c23 cm.
505 _a1. Funciones de un sistema de contabilidad - 2. Mecánica de la contabilidad - 3. Principios de la organización del sistema - 4. Compras y cuentas a pagar - 5. Nóminas de salarios - 6. Desembolsos en efectivo - 7. Registros de inventarios y existencias - 8. Ventas y cuentas a cobrar - 9. Cobros en efectivo - 10. Gastos de venta y administración - 11. Diversas cuentas de activo - 12. Sistemas y procedimientos de costos - 13. Contabilidad mecánica e instrumentos de oficina - 14. Los presupuestos, brújula de la gerencia y manera de confeccionarlos - 15. Informes para la gerencia - Sección II - 1. Impuestos federales sobre la renta - 2. Leyes de impuestos sobre la nómina de salarios - 3. Ley de jornada máxima y salario - 4. Otra legislación reguladora
942 _cBK
590 _aniveau_biblio:m niveau_hierar:0
100 1 _aCivera, Marin
700 1 _aLasser, J.K.
999 _c2114
_d2114